Ciencia y conservación en el sistema de parques nacionales de Venezuela : (Registro nro. 3774)

Detalles MARC
000 -CABECERA
Campo de control 01014cam a2200253 i 4500
005 - FECHA Y HORA DE LA ULTIMA TRANSACCION
Campo de control 20160113095138.0
008 - ELEMENTOS DE LONGITUD FIJA—INFORMACION GENERAL
Campo de control 990309s1997 ve b b 000 0 spa d
020 ## - ISBN
ISBN 9800742492
040 ## - FUENTE DE CATALOGACIÓN
Agencia catalogadora original UVZ
Agencia transcriptora UVZ
Agencia Modificadora DLC
-- CO-BoIAVH
041 ## - IDIOMA
Código de idioma para texto/pista de sonido o título separado Español
042 ## - AUTHENTICATION CODE
Authentication code lccopycat
043 ## - GEOGRAPHIC AREA CODE
Geographic area code s-ve---
044 ## - PAÍS DE PUBLICACIÓN
País de publicación Venezuela
082 04 - NUMERO DE CLASIFICACION DECIMAL DEWEY
Número de clasificación 333.78316
Número del ítem C56c
245 00 - MENCION DE TITULO
Título Ciencia y conservación en el sistema de parques nacionales de Venezuela :
Parte restante del título una experiencia de cooperación interinstitucional /
Mención de responsabilidad comite editor, editor principal, Isabel Novo Torres y (otros cuatro editores).
260 ## - PUBLICACION, DISTRIBUCION, ETC. (PIE DE IMPRENTA)
Lugar de publicación, distribución, etc. Venezuela :
Nombre del editor, distribuidor, etc. EcoNatura,
Fecha de publicación, distribución, etc. 1997.
300 ## - DESCRIPCION FISICA
Extensión xiv, 356 p. :
Otros detalles físicos ilustraciones y mapas ;
Dimensiones 28 cm.
504 ## - NOTA DE BIBLIOGRAFIA, ETC.
Nota de bibliografía Incluye referencias bibliográficas.
650 14 - ASIENTO SECUNDARIO DE MATERIA - TERMINO TEMATICO
Término temático o nombre geográfico como elemento de entrada Parques nacionales
Subdivisión geográfica Venezuela.
9 (RLIN) 50480
650 24 - ASIENTO SECUNDARIO DE MATERIA - TERMINO TEMATICO
Término temático o nombre geográfico como elemento de entrada Áreas de conservación de recursos naturales
Subdivisión geográfica Venezuela.
9 (RLIN) 50481
700 1# - ASIENTO SECUNDARIO - NOMBRE PERSONAL
Nombre personal Novo Torres, Isabel,
Término de relación editora.
9 (RLIN) 20693
942 ## - ELEMENTOS ADICIONALES (KOHA)
Sistema de clasificación Dewey Decimal Classification
Tipo de ítem Libro
Existencias
Withdrawn status Lost status Sistema de Clasificación Damaged status No para préstamo Colección Inventariado Ubicación Permanente Ubicación actual Fecha de adquisición Fuente de Valor Valor Total Checkouts Número topográfico Inventario / Código de Barras Date last seen Ejemplar Price effective from Forma de adquisición Tipo de material
    Dewey Decimal Classification     General Inventariado 2017 Bogotá Bogotá 26/03/2004 Instituto 39000.00   LB-333.78316 C56c 015575 04/12/2012 Ej. 1 04/12/2012   Libro